[Event "TCh-FIN 2007-8"]
[Site "Finland FIN"]
[Date "2008.02.09"]
[Round "6"]
[White "Virtanen,A"]
[Black "Westerinen,H"]
[Result "1/2-1/2"]
[WhiteElo "2332"]
[BlackElo "2362"]

1.e4 e6 2.d4 d5 3.Nc3 Bb4 4.e5 Ne7 5.a3 Bxc3+ 6.bxc3 b6 7.Qg4 Ng6 8.h4 h5
9.Qg3 Ba6 10.Bxa6 Nxa6 11.a4 Nb8 12.Nf3 Nc6 13.Ng5 Nce7 14.a5 Nf5 15.Qd3 Qd7
16.g3 f6 17.Nf3 O-O 18.O-O  1/2-1/2

[Event "Festival des Jeux"]
[Site "Cannes FRA"]
[Date "2008.02.14"]
[Round "5"]
[White "Sanchez,Joseph"]
[Black "Apicella,M"]
[Result "1-0"]
[WhiteElo "2492"]
[BlackElo "2544"]

1.e4 e6 2.d4 d5 3.Nc3 Bb4 4.e5 Ne7 5.a3 Bxc3+ 6.bxc3 c5 7.h4 Qc7 8.Nf3 b6
9.a4 Ba6 10.Bb5+ Bxb5 11.axb5 O-O 12.dxc5 bxc5 13.h5 h6 14.c4 dxc4 15.Rh4 Nd7
16.Qe2 Nb6 17.g4 Rfd8 18.g5 Nf5 19.Rg4 Kh8 20.gxh6 gxh6 21.Nh4 Qb7 22.f3 Nd4
23.Qg2 Rg8 24.Kf2 Nxc2 25.Bxh6 Rxg4 26.Qxg4 Rg8 27.Bg5 Nxa1 28.Ng6+ fxg6
29.Bf6+ Kh7 30.hxg6+ Rxg6 31.Qh5+ Rh6 32.Qe8 Rh2+ 33.Kg1 Rh1+ 34.Kg2 Nd5
35.Qh8+ Kg6 36.Qg8+ Kh6 37.Bg5+ Kh5 38.Bc1  1-0

[Event "TCh-BEL 2007-8"]
[Site "Belgium BEL"]
[Date "2008.02.17"]
[Round "9"]
[White "Diepeveen,V"]
[Black "Wiley,To"]
[Result "1/2-1/2"]
[WhiteElo "2298"]
[BlackElo "2332"]

1.e4 e6 2.d4 d5 3.Nc3 Bb4 4.e5 b6 5.a3 Bxc3+ 6.bxc3 Qd7 7.a4 Ba6 8.Bxa6 Nxa6
9.Qd3 Nb8 10.c4 dxc4 11.Qxc4 Qc6 12.Qb5 a6 13.Qxc6+ Nxc6 14.Nf3 O-O-O 15.Bb2 Na5
16.Nd2 Ne7 17.Bc3 Nac6 18.Nf3 h6 19.Ke2 Rd7 20.Rhd1 Rhd8 21.g4 Ng6 22.Rac1 Nf4+
23.Ke1 Ng6 24.h4 h5 25.gxh5 Nge7 26.Rd3 Rh8 27.Bd2 Rxh5 28.Bg5 Ng6 29.Rcd1 Nb4
30.R3d2 f6 31.exf6 gxf6 32.Be3 Nxh4 33.Ng1 Ra5 34.Ra1 b5 35.c3 Nd5 36.Rda2 Nb6
37.axb5 Rxa2 38.Rxa2 axb5 39.Ra5 Rd5 40.Nh3 Ng6 41.Ke2 Kb7 42.Ra1 Rh5 43.Ng1 Rh1
44.Kf3 Nh4+ 45.Kg4 Nd5 46.Bd2 Nf5 47.Kf3 Kc6 48.Kg2 Rh8 49.Ne2 Rg8+ 50.Kf1 Nd6
51.Be1 e5 52.dxe5 fxe5 53.Nc1 Nf4 54.Bd2 Nh3 55.Ra6+ Kd5 56.Ra7 Rg7 57.Nd3 Nc4
58.Bh6 Rh7 59.Bc1 Ke4 60.Nc5+ Kf3 61.Nd3 Nxf2 62.Ne1+ Kg3 63.Ra8 Ng4 64.Rf8 Rh1+
65.Ke2 Rh2+ 66.Kf1 Rf2+ 67.Rxf2 Nxf2 68.Ke2 Ne4 69.Bh6 Nxc3+ 70.Kd3 Nd5 71.Ke4 Nf6+
72.Kf5 Ng4 73.Bf8 Nf2 74.Bc5 e4 75.Nc2 Nd6+ 76.Ke6 Nd3 77.Ba3 Nc4 78.Be7 e3
79.Kd5 e2 80.Kc6 Ne3 81.Nxe3 e1=Q 82.Bh4+ Kf3 83.Bxe1 Nxe1 84.Nd5 Nd3  1/2-1/2

[Event "II ch-Ibero-Americano Gp B"]
[Site "Morelia MEX"]
[Date "2008.02.18"]
[Round "4"]
[White "Bruzon Batista,L"]
[Black "Davila,C"]
[Result "1-0"]
[WhiteElo "2607"]
[BlackElo "2376"]

1.e4 e6 2.d4 d5 3.Nc3 Bb4 4.e5 Ne7 5.a3 Bxc3+ 6.bxc3 Nd7 7.Bd3 O-O 8.Qh5 f5
9.Nf3 Qe8 10.Qh3 Nb6 11.Rb1 a6 12.g4 Na4 13.Bd2 c5 14.gxf5 Nxf5 15.Rg1 b5
16.Ng5 Qg6 17.Be2 Ne7 18.Rg4 c4 19.Rc1 Ra7 20.Rg2 Kh8 21.Bh5 Qf5 22.Bg4 Qg6
23.f3 Nb6 24.Nxe6 Bxe6 25.Bxe6 Rxf3 26.Qxf3 Qxe6 27.Rf2 h6 28.Ke2 Ng8 29.Rg1 Na4
30.Qh5  1-0

[Event "1st Pfalz Open"]
[Site "Neustadt a.d. Weinstrasse GER"]
[Date "2008.02.22"]
[Round "8"]
[White "Heimann,An"]
[Black "Dgebuadze,A"]
[Result "0-1"]
[WhiteElo "2403"]
[BlackElo "2512"]

1.e4 e6 2.d4 d5 3.Nc3 Bb4 4.e5 Ne7 5.a3 Bxc3+ 6.bxc3 c5 7.Qg4 O-O 8.Bd3 Nbc6
9.Qh5 Ng6 10.Nf3 Qc7 11.Be3 c4 12.Bxg6 fxg6 13.Qg4 Qf7 14.Ng5 Qe8 15.h4 h6
16.Nh3 b5 17.Qe2 a5 18.g4 Ra7 19.h5 gxh5 20.g5 hxg5 21.Nxg5 g6 22.Nh3 Rf5
23.Nf4 Rg7 24.Ng2 b4 25.Nh4 Rff7 26.Bg5 bxc3 27.Qe3 Qf8 28.Qxc3 Rxf2 29.O-O-O Na7
30.Bf6 Nb5 31.Qxa5 Ra7 32.Qxb5 Qxa3+ 33.Qb2 Qe3+ 34.Kb1 Rb7 35.Qxb7 Bxb7
36.Rhf1 Rxf1 37.Rxf1 Qa3 38.Rg1 c3 39.Rxg6+ Kf8 40.Be7+ Qxe7  0-1

[Event "25th Festival Open A"]
[Site "Bled SLO"]
[Date "2008.02.26"]
[Round "5"]
[White "Muzychuk,M"]
[Black "Fucak,E"]
[Result "1-0"]
[WhiteElo "2357"]
[BlackElo "2296"]

1.e4 e6 2.d4 d5 3.Nc3 Bb4 4.e5 b6 5.Qg4 Bf8 6.Bg5 Qd7 7.Bb5 c6 8.Be2 Ba6
9.Nf3 h6 10.Bd2 Ne7 11.a4 Nf5 12.O-O Be7 13.Qh3 Bb4 14.Bxa6 Nxa6 15.Ne2 Bxd2
16.Nxd2 c5 17.Nf3 Nb4 18.c3 Nc6 19.g4 Nfe7 20.Nd2 O-O-O 21.a5 cxd4 22.axb6 axb6
23.cxd4 Kb7 24.Ra3 Ra8 25.Rfa1 Rhb8 26.b4 Qe8 27.b5 Na5 28.Nc3 Rc8 29.Qd3 g6
30.Na4 Nc4 31.Nxc4 dxc4 32.Qf3+ Nd5 33.Nc3 Rxa3 34.Rxa3 Qd7 35.Ne4 Kb8 36.Qd1 Rc7
37.Nd6 c3 38.Qc2 Ra7 39.Rxc3 Nxc3 40.Qxc3 Ra4 41.Qe3 g5 42.h4 Qa7 43.hxg5 Qa8
44.Kh2 Ra1 45.d5  1-0

[Event "XI Open"]
[Site "Malaga ESP"]
[Date "2008.02.26"]
[Round "5"]
[White "Kislik,E"]
[Black "Cori,J"]
[Result "0-1"]
[WhiteElo "2216"]
[BlackElo "2346"]

1.e4 e6 2.d4 d5 3.Nc3 Bb4 4.e5 Ne7 5.Bd2 Nf5 6.a3 Be7 7.Nf3 b6 8.Ne2 Ba6
9.g3 c5 10.c3 O-O 11.h4 Nc6 12.b4 Bxe2 13.Qxe2 cxd4 14.g4 dxc3 15.Bxc3 Nxh4
16.Nxh4 Bxh4 17.O-O-O Bg5+ 18.Kb1 Ne7 19.Bd2 Bxd2 20.Qxd2 Qc7 21.Bd3 Ng6
22.f4 Rfc8 23.Rc1 Qd7 24.Bc2 d4 25.f5 d3 26.Bb3 Rxc1+ 27.Rxc1 Nxe5 28.fxe6 fxe6
29.Re1 Qd6 30.Qe3 d2 31.Rd1 Rd8 32.Ka2 a5 33.Qe4 a4 34.Bxa4 Qd5+ 35.Qxd5 Rxd5
36.Bb3 Rd6 37.Rg1 Nf3 38.Rg3 Ng5 39.Bd1 e5 40.Kb3 e4 41.Re3 Kf7 42.Kc2 Rd4
43.Kc3 Nf3 44.a4 Kf6 45.a5 bxa5 46.bxa5 Kg5 47.a6 Kf4 48.Rxf3+ exf3 49.Kxd4 f2
50.a7 f1=Q 51.a8=Q Qxd1 52.Qe4+ Kg3 53.Qe5+ Kg2 54.Kd3 Qe1 55.Qd5+ Kg3 56.Qd6+ Kh3  0-1

[Event "XI Open"]
[Site "Malaga ESP"]
[Date "2008.02.28"]
[Round "7"]
[White "Doric,D"]
[Black "Cori,J"]
[Result "0-1"]
[WhiteElo "2465"]
[BlackElo "2346"]

1.e4 e6 2.d4 d5 3.Nc3 Bb4 4.e5 Ne7 5.a3 Bxc3+ 6.bxc3 c5 7.Qg4 Kf8 8.Bd3 b6
9.Nf3 Ba6 10.dxc5 Bxd3 11.cxd3 bxc5 12.a4 Qa5 13.O-O Qxc3 14.Ba3 Nd7 15.Rfc1 Qxd3
16.Bxc5 Nxc5 17.Rxc5 h6 18.Qb4 Re8 19.Rc7 Qe4 20.Qd6 g5 21.Kh1 g4 22.Ng1 a5
23.Rac1 Qb4 24.R1c5 h5 25.Ra7 Rh7 26.Raxa5 Qb8 27.Rc7 Qd8 28.Qc5 Kg8 29.Raa7 Ng6
30.a5 Nxe5 31.a6 Qf6 32.Qd4 Qf5 33.Rc3 Nc4 34.Rb7 f6 35.Rcb3 Rxb7 36.Rxb7 Nd6
37.Rd7 Ne4 38.f3 Ng5 39.fxg4 hxg4 40.a7 Ne4 41.g3 Qf1 42.Rb7 Nf2+ 43.Qxf2 Qxf2
44.Rb8 Qxa7  0-1

[Event "TCh-HUN 2007-8"]
[Site "Budapest HUN"]
[Date "2008.03.02"]
[Round "7"]
[White "Szabo,Krisz1"]
[Black "Almasi,I"]
[Result "1-0"]
[WhiteElo "2492"]
[BlackElo "2414"]

1.e4 e6 2.d4 d5 3.Nc3 Bb4 4.e5 Ne7 5.a3 Bxc3+ 6.bxc3 c5 7.Qg4 Qc7 8.Qxg7 Rg8
9.Qxh7 cxd4 10.Ne2 Nbc6 11.f4 dxc3 12.Qd3 Bd7 13.Rb1 d4 14.Rg1 Nf5 15.g4 Nfe7
16.Nxd4 Nxd4 17.Qxd4 Nd5 18.Rg3 Bc6 19.Bg2 Rd8 20.Qxa7 f6 21.exf6 Qh7 22.Qf2 Nxf6
23.Bxc6+ bxc6 24.Qg2 Rxg4 25.Qxc6+ Kf8 26.Qc5+ Ke8 27.Qe5 Rxg3 28.Qxe6+ Kf8
29.Qxf6+ Ke8 30.Qc6+ Kf8 31.hxg3 Qh2 32.Qf6+ Ke8 33.Be3 Qh1+ 34.Kf2 Qxb1
35.Qe6+ Kf8 36.Bc5+ Kg7 37.Qe7+ Kg6 38.Qxd8 Qxc2+ 39.Kf3 Qb3 40.Qd3+  1-0

[Event "XXIII Open"]
[Site "Reykjavik ISL"]
[Date "2008.03.05"]
[Round "3"]
[White "Al Modiahki,M"]
[Black "Westerinen,H"]
[Result "1-0"]
[WhiteElo "2569"]
[BlackElo "2362"]

1.e4 e6 2.d4 d5 3.Nc3 Bb4 4.e5 Ne7 5.a3 Bxc3+ 6.bxc3 b6 7.Qg4 Ng6 8.h4 h5
9.Qd1 Ba6 10.Bxa6 Nxa6 11.Bg5 Qd7 12.Ne2 c5 13.Ng3 cxd4 14.cxd4 Qa4 15.Nxh5 Rxh5
16.Qxh5 Qxd4 17.O-O Qxe5 18.Rae1 Qd4 19.Rxe6+ fxe6 20.Qxg6+ Kf8 21.Qxe6 Re8
22.Qd6+ Kg8 23.Qd7 Qe5 24.Qxa7 Nc5 25.Qxb6 Ne4 26.Re1 Qc3 27.Qe3 Qxc2 28.Qd4 Kh7
29.Rc1 Qe2 30.Rc7 Rg8 31.Be3 Qh5 32.a4 Qxh4 33.Qxd5 Rd8 34.Qf5+ Kh8 35.Rc8 Rxc8
36.Qxc8+ Kh7 37.a5  1-0

[Event "Open"]
[Site "Blackpool ENG"]
[Date "2008.03.08"]
[Round "2"]
[White "Kilpatrick,C"]
[Black "Dgebuadze,A"]
[Result "0-1"]
[WhiteElo "2201"]
[BlackElo "2512"]

1.e4 e6 2.d4 d5 3.Nc3 Bb4 4.e5 Ne7 5.a3 Bxc3+ 6.bxc3 c5 7.Qg4 O-O 8.Bd3 Nbc6
9.Nf3 f5 10.Qh3 Qb6 11.Be3 c4 12.Be2 Qb2 13.Kd2 Qb6 14.Rhb1 Qa5 15.Kd1 b5
16.Bd2 Rb8 17.Qg3 Bd7 18.h4 Kh8 19.Ng5 Qc7 20.Nh3 Be8 21.h5 h6 22.Nf4 Bf7
23.Qh3 a5 24.g4 b4 25.axb4 axb4 26.gxf5 Nxf5 27.Bg4 Nce7 28.Bxf5 Nxf5 29.Nxd5 exd5
30.Qxf5 Bg8 31.Qh3 b3 32.cxb3 Bh7 33.Rb2 Rxf2 34.b4 Qf7 35.e6 Qf6 36.Ra7 Rf8
37.e7 Re8 38.Qe3 Be4 39.Rba2 Rf3 40.Ra8 Qxe7 41.Qg1 Bd3 42.Be1 Rf1 43.Rxe8+ Qxe8
44.Qg3 Qxh5+ 45.Kc1 Kh7 46.Qe3 Qh1 47.Kd1 Rf3 48.Qe8 Bg6 49.Qe6 Rd3+ 50.Kc1 Rxc3+  0-1

[Event "19th PSPB Inter TCh"]
[Site "Ooty IND"]
[Date "2008.03.08"]
[Round "2"]
[White "Konguvel,P"]
[Black "Imocha,L"]
[Result "1-0"]
[WhiteElo "2394"]
[BlackElo "2240"]

1.e4 e6 2.d4 d5 3.Nc3 Bb4 4.e5 Ne7 5.a3 Bxc3+ 6.bxc3 c5 7.Qg4 O-O 8.Bd3 Nbc6
9.Qh5 Ng6 10.Nf3 Nce7 11.h4 Qe8 12.Qg5 c4 13.Be2 f6 14.Qg3 fxe5 15.dxe5 Nf5
16.Qg4 Nge7 17.h5 Bd7 18.O-O Nc6 19.Re1 Kh8 20.Bd1 b5 21.Nd4 Ncxd4 22.cxd4 a5
23.c3 Qf7 24.Rf1 Rg8 25.Bd2 Ne7 26.Bc2 Raf8 27.Qh4 Nf5 28.Qh3 Nh6 29.Bg5 Be8
30.Rab1 Nf5 31.Bd2 Qe7 32.Bc1  1-0

[Event "FKB ch-USA Qualifier"]
[Site "Tulsa USA"]
[Date "2008.03.28"]
[Round "2"]
[White "Berger,Ja"]
[Black "Yang,Dar"]
[Result "0-1"]
[WhiteElo "1981"]
[BlackElo "2074"]

1.e4 e6 2.d4 d5 3.Nc3 Bb4 4.e5 Ne7 5.a3 Bxc3+ 6.bxc3 c5 7.Nf3 Nbc6 8.Bb5 Qa5
9.Bxc6+ bxc6 10.O-O Ba6 11.Re1 cxd4 12.cxd4 c5 13.Bd2 Qc7 14.dxc5 Qxc5 15.Bb4 Qc7
16.Qd4 O-O 17.Qh4 Nf5 18.Qh5 Rfc8 19.Rad1 Qxc2 20.Nd4 Nxd4 21.Rxd4 Bd3 22.Qf3 Be4
23.Qd1 Qc6 24.Qe2 a5 25.Bd6 Qb6 26.Rd2 Rc3 27.Rb2 Qd8 28.Qb5 Rac8 29.f3 Bg6
30.Qb7 Qh4 31.Rd1 Rc1 32.Rd2 Qa4 33.Kf2 h5 34.Rxc1 Rxc1 35.g3 Qc4 36.Qb2 Qf1+
37.Ke3 Re1+ 38.Kf4 Re4+ 39.Kg5 Qxf3  0-1

[Event "Gausdal Classics GMB"]
[Site "Gausdal NOR"]
[Date "2008.04.15"]
[Round "8"]
[White "Andersen,Mad"]
[Black "Westerinen,H"]
[Result "0-1"]
[WhiteElo "2020"]
[BlackElo "2357"]

1.e4 e6 2.d4 d5 3.Nc3 Bb4 4.e5 Ne7 5.a3 Bxc3+ 6.bxc3 b6 7.Qg4 Ng6 8.h4 h5
9.Qd1 Qd7 10.Bg5 Qc6 11.Qd2 Ba6 12.Bxa6 Nxa6 13.Ne2 Qc4 14.O-O Nf8 15.Nf4 c5
16.Qd3 Qxd3 17.Nxd3 Rc8 18.Rfc1 Nd7 19.a4 Nab8 20.Be3 cxd4 21.cxd4 Ke7 22.a5 b5
23.Nb4 Rc4 24.c3 Rhc8 25.Bd2 Nc6 26.Nxc6+ R8xc6 27.Kf1 Kd8 28.Ke2 Kc7 29.Kd3 Kb7
30.Rcb1 Ka6 31.Rb4 Nb8 32.Rab1 Rxb4 33.cxb4 Rc4 34.Bc3 Nc6 35.f3 Ne7 36.Rf1 Nf5
37.Rh1 Ng3 38.Rh3 Ne2 39.Kxe2 Rxc3 40.g4 hxg4 41.Rg3 gxf3+ 42.Rxf3 Rxf3 43.Kxf3 Kb7
44.Kg4 Kc7 45.Kh5 Kd7 46.Kg5 a6 47.Kh5 Ke7 48.Kg5 Kf8 49.h5 Kg8 50.Kg4 f6  0-1

[Event "10th North American FIDE Inv"]
[Site "Chicago USA"]
[Date "2008.04.19"]
[Round "1"]
[White "Arjun,V"]
[Black "Young,A PHI"]
[Result "0-1"]
[WhiteElo "2373"]
[BlackElo "2381"]

1.e4 e6 2.d4 d5 3.Nc3 Bb4 4.e5 b6 5.a3 Bxc3+ 6.bxc3 Ba6 7.Bd3 Ne7 8.Qg4 Bxd3
9.cxd3 Nf5 10.Ne2 Nc6 11.Bg5 Qd7 12.Ng3 h6 13.Bh4 Nxh4 14.Qxh4 Qe7 15.Qxe7+ Kxe7
16.Nh5 g6 17.Nf6 Rac8 18.f4 h5 19.Kd2 Na5 20.Rab1 c5 21.dxc5 Rxc5 22.a4 Rc7
23.g3 Rhc8 24.Rhc1 Nb7 25.Rb5 Nc5 26.Ra1 Nb7 27.Ra3 Na5 28.Rb4 Rc5 29.h3 Kd8
30.Nh7 Ke7 31.Ng5 Nb7 32.Rb5 R5c7 33.Nf3 Na5 34.Nd4 f6 35.exf6+ Kxf6 36.Rb1 Nc6
37.Nxc6 Rxc6 38.Re1 Rg8 39.Re5 g5 40.Rxg5 Rxg5 41.fxg5+ Kxg5 42.Ke3 e5 43.Rb3 Kf5
44.Rb5 Rxc3 45.Rxd5 Ra3 46.a5 Rxa5 47.Rxa5 bxa5 48.Kd2 Ke6 49.Kc3 Kd5 50.Kb3 Kd4
51.g4 h4 52.Ka4 Kxd3 53.g5 e4 54.g6 e3 55.g7 e2 56.g8=Q e1=Q 57.Qd5+ Ke2
58.Qc4+ Ke3 59.Qc5+ Kf3 60.Qf5+ Kg2 61.Qg4+ Kh2 62.Qf4+ Kxh3 63.Qf3+ Qg3
64.Qh1+ Kg4 65.Kxa5 Qc7+ 66.Kb5 Qb6+ 67.Kc4 Qe6+ 68.Kb5 Qb3+ 69.Kc5 Qe3+
70.Kd6 h3 71.Kd7 Kg3 72.Qa1 h2 73.Qg7+ Kf3 74.Qf7+ Kg2 75.Qd5+ Kf2 76.Qa2+ Kg1
77.Qa1+ Kg2 78.Qa2+ Kh3 79.Qd5 Qe2 80.Qb3+ Kh4 81.Qd5 a6 82.Kc7 Qc2+ 83.Kd8 Qe2
84.Kc7 Qe7+ 85.Kb6 Qf6+ 86.Kc7 Qg7+  0-1

[Event "IX EICC"]
[Site "Plovdiv BUL"]
[Date "2008.04.21"]
[Round "1"]
[White "Vuckovic,Bo"]
[Black "Medancic,R"]
[Result "1-0"]
[WhiteElo "2556"]
[BlackElo "2247"]

1.e4 e6 2.d4 d5 3.Nc3 Bb4 4.e5 b6 5.a3 Bf8 6.b4 c5 7.Nf3 cxd4 8.Nb5 Nc6 9.Bd3 a6
10.Nbxd4 Nxd4 11.Nxd4 Qc7 12.O-O Ne7 13.Bb2 g6 14.Re1 Bg7 15.Qe2 O-O 16.h4 Nf5
17.Nf3 h5 18.Rad1 Re8 19.Bc1 Bd7 20.Bxa6 b5 21.Bxb5 Bxb5 22.Qxb5 Qxc2 23.Rd2 Qc7
24.Qe2 Rec8 25.Bb2 Bh6 26.Rc1 Qd7 27.Rxc8+ Rxc8 28.Rc2 Rc7 29.g3 Qc8 30.Rxc7 Qxc7
31.Kg2 Bc1 32.b5 Bxb2 33.Qxb2 d4 34.b6 Qb7 35.Kg1 Qxf3 36.b7 Nxh4 37.b8=Q+ Kg7
38.Q8b7 Qd1+ 39.Kh2 Nf3+ 40.Kg2 Ne1+ 41.Kh3 Qg4+ 42.Kh2 Nf3+ 43.Kg2 h4 44.Qe2 h3+
45.Kh1  1-0

[Event "IX EICC"]
[Site "Plovdiv BUL"]
[Date "2008.04.24"]
[Round "4"]
[White "Bozinovic,Bob"]
[Black "Medancic,R"]
[Result "1-0"]
[WhiteElo "2134"]
[BlackElo "2247"]

1.e4 e6 2.d4 d5 3.Nc3 Bb4 4.e5 b6 5.a3 Bf8 6.Bb5+ c6 7.Ba4 Ba6 8.Nce2 Bb5
9.Bb3 Bc4 10.Bxc4 dxc4 11.Nf3 Ne7 12.Bg5 h6 13.Bxe7 Bxe7 14.O-O O-O 15.c3 Nd7
16.a4 b5 17.Qc2 Nb6 18.axb5 cxb5 19.Ra6 Qc8 20.Ra5 a6 21.Rfa1 Qb7 22.Nd2 Rfc8
23.R5a2 Na4 24.Qe4 Qxe4 25.Nxe4 f6 26.f4 Kf7 27.Kf2 Rc6 28.Nd2 g5 29.g3 gxf4
30.gxf4 fxe5 31.fxe5 Bh4+ 32.Kf3 Kg6 33.Rg1+ Kf7 34.Rg4 Be7 35.Ne4 Rg8 36.Rf4+ Ke8
37.N2g3 Rf8 38.Nf6+ Bxf6 39.exf6 Kf7 40.Ne4 Rg8 41.Rg4 Rxg4 42.Kxg4 Rc7 43.Nd6+ Kg6
44.f7 Kg7 45.Ne8+  1-0

[Event "Victory Day A"]
[Site "Moscow RUS"]
[Date "2008.04.26"]
[Round "3"]
[White "Mongontuul,B"]
[Black "Morozov,G"]
[Result "1-0"]
[WhiteElo "2402"]
[BlackElo "2357"]

1.e4 e6 2.d4 d5 3.Nc3 Bb4 4.e5 Qd7 5.a3 Bxc3+ 6.bxc3 b6 7.Qg4 f5 8.Qg3 Ba6
9.Bd3 Bc4 10.Nf3 Nc6 11.O-O O-O-O 12.Bg5 Nge7 13.Nd2 Bxd3 14.Qxd3 h6 15.Bxe7 Nxe7
16.a4 Qc6 17.a5 Kb8 18.Rfb1 Nc8 19.Nb3 Ka8 20.Qa6 Rhe8 21.Nc5 Re7 22.Ra4 g5
23.Rab4 h5 24.R1b3 h4 25.Na4 Kb8 26.axb6 cxb6 27.Nxb6 axb6 28.Rxb6+ Nxb6
29.Rxb6+ Qxb6 30.Qxb6+ Kc8 31.Qc6+ Kb8 32.c4 dxc4 33.Qxc4 Rc8 34.Qd3 Rec7
35.h3 Rc4 36.d5 exd5 37.Qxd5 Rxc2 38.Qb3+ Ka7 39.Qf7+ Kb8 40.Qxf5 Rc1+ 41.Kh2 Rf1
42.Qxg5 Rxf2 43.Qxh4 Rcc2 44.Qg3 Kc8 45.h4 Rfd2 46.h5 Rc1 47.e6 Rdd1 48.Qg8+ Kc7
49.e7 Rh1+ 50.Kg3 Rc3+ 51.Kg4  1-0

[Event "IX EICC"]
[Site "Plovdiv BUL"]
[Date "2008.04.26"]
[Round "6"]
[White "Badev,K"]
[Black "Drasko,M"]
[Result "0-1"]
[WhiteElo "2311"]
[BlackElo "2536"]

1.e4 e6 2.d4 d5 3.Nc3 Bb4 4.e5 Ne7 5.a3 Bxc3+ 6.bxc3 c5 7.Nf3 h6 8.Bd3 b6
9.O-O Ba6 10.Nh4 Bxd3 11.Qxd3 Nbc6 12.f4 Qd7 13.Bd2 O-O 14.f5 f6 15.Rae1 exf5
16.e6 Qe8 17.Nxf5 Nxf5 18.Rxf5 Ne7 19.Rf3 Qg6 20.Qe2 Qxc2 21.dxc5 bxc5 22.Rg3 Nf5
23.e7 Rfe8 24.Qe6+ Kh7 25.Rf3 Nxe7 26.Be3 Ng6 27.Qxd5 Qxc3 28.Rc1 Qe5 29.Qa2 Qe6
30.Qf2 Ne5 31.Qc2+ Kh8 32.Rh3 Ng4 33.Qg6 Nxe3 34.Re1 Qf5  0-1

[Event "ch-NED U21"]
[Site "Venlo NED"]
[Date "2008.04.26"]
[Round "2"]
[White "Swinkels,R"]
[Black "Miedema,R"]
[Result "1-0"]
[WhiteElo "2448"]
[BlackElo "2281"]

1.e4 e6 2.d4 d5 3.Nc3 Bb4 4.e5 Ne7 5.a3 Bxc3+ 6.bxc3 c5 7.Qg4 O-O 8.Bd3 Nbc6
9.Qh5 Ng6 10.Nf3 Qc7 11.Be3 c4 12.Bxg6 fxg6 13.Qg4 Qf7 14.Ng5 Qe8 15.h4 Ne7
16.Nh3 b5 17.Nf4 h6 18.Qe2 Bd7 19.g4 a5 20.Kd2 b4 21.axb4 axb4 22.cxb4 c3+
23.Kxc3 Bb5 24.Qd2 Ba4 25.Nd3 Qb5 26.Kb2 Rfc8 27.Rhb1 Rc4 28.c3 Nc6 29.Kc1 Rc8
30.Nc5 Nxb4 31.Nxa4 Rb8 32.Nc5 Rxc5 33.dxc5 Qf1+ 34.Qd1 Qc4 35.Qd4 Nd3+ 36.Kd2 Rxb1
37.Qxc4  1-0

[Event "Victory Day A"]
[Site "Moscow RUS"]
[Date "2008.04.28"]
[Round "5"]
[White "Manakova,M"]
[Black "Morozov,G"]
[Result "0-1"]
[WhiteElo "2332"]
[BlackElo "2357"]

1.e4 e6 2.d4 d5 3.Nc3 Bb4 4.e5 Qd7 5.Qg4 f5 6.Qg3 b6 7.a3 Bxc3+ 8.bxc3 Ba6
9.Bd3 Bc4 10.Nf3 Nc6 11.a4 O-O-O 12.O-O Nh6 13.Nd2 Bxd3 14.Qxd3 Na5 15.c4 Qc6
16.c5 bxc5 17.Qb5 Qxb5 18.axb5 Nb7 19.dxc5 Nxc5 20.Nf3 Kd7 21.Be3 Ne4 22.Rxa7 Ra8
23.Rfa1 Rxa7 24.Rxa7 Nf7 25.Bb6 Rb8 26.Rxc7+ Ke8 27.Rc6 Kd7 28.g3 Rb7 29.h4 g6
30.Kg2 h6 31.Nd4 Nxe5 32.f4 Nc4 33.Bc5 Rxb5 34.Bf8 Rb2 35.Ra6 Ne3+ 36.Kf3 Nxc2
37.Ra7+ Kc8 38.Nxe6 Ne1+ 39.Ke3 Rd2 40.Bc5 d4+ 41.Bxd4 Nc2+ 42.Kf3 Nxd4+
43.Nxd4 Rd3+ 44.Ke2 Rxd4 45.Ke3 Rb4 46.g4 fxg4 47.Rg7 Nd6 48.Rxg6 Nf5+ 49.Kf2 Rxf4+
50.Kg1 g3 51.h5 Kd7  0-1

[Event "IX EICC"]
[Site "Plovdiv BUL"]
[Date "2008.04.29"]
[Round "8"]
[White "Vehi Bach,V"]
[Black "Drasko,M"]
[Result "0-1"]
[WhiteElo "2381"]
[BlackElo "2536"]

1.e4 e6 2.d4 d5 3.Nc3 Bb4 4.e5 Ne7 5.a3 Bxc3+ 6.bxc3 c5 7.Qg4 O-O 8.Bd3 f5
9.exf6 Rxf6 10.Bg5 Rf7 11.Qh5 g6 12.Qd1 Nbc6 13.Nf3 Qf8 14.O-O c4 15.Be2 h6
16.Bc1 Bd7 17.a4 Rd8 18.Ba3 Bc8 19.a5 Qg7 20.Qd2 g5 21.h3 Ng6 22.Bc5 Nf4
23.Nh2 e5 24.dxe5 Qxe5 25.Rfe1 d4 26.Bxd4 Nxd4 27.cxd4 Qxd4 28.Qxd4 Nxe2+
29.Rxe2 Rxd4 30.Nf3 Rdf4 31.Ne5 Rc7 32.Ng6 Rff7 33.Rae1 Kg7 34.Ne7 Bd7 35.Re5 Ba4
36.c3 Bc2 37.Nd5 Rcd7 38.Ne3 Bd3 39.Nd5 Rf5 40.f3 Rxd5  0-1

[Event "ch-NED U21"]
[Site "Venlo NED"]
[Date "2008.04.30"]
[Round "6"]
[White "Pruijssers,R"]
[Black "Miedema,R"]
[Result "1-0"]
[WhiteElo "2413"]
[BlackElo "2281"]

1.e4 e6 2.d4 d5 3.Nc3 Bb4 4.e5 Ne7 5.a3 Bxc3+ 6.bxc3 c5 7.Qg4 O-O 8.Bd3 Nbc6
9.Qh5 Ng6 10.Nf3 Qc7 11.Be3 c4 12.Bxg6 fxg6 13.Qg4 Qf7 14.Ng5 Qe8 15.h4 Ne7
16.Qe2 b5 17.g4 Bd7 18.h5 gxh5 19.Rxh5 h6 20.Nh3 Qg6 21.Nf4 Qe4 22.f3 Qh7
23.Kd2 a5 24.Rg1 b4 25.g5 Rxf4 26.Bxf4 Qf5 27.Qh2 Be8 28.g6 Qf8 29.Bxh6 Bxg6
30.Rhg5 Qf7 31.Rxg6 Nxg6 32.Qh5 Qf5 33.Rg5 Qf4+ 34.Kd1 bxa3 35.Rxg6 Qf7 36.Bxg7  1-0

[Event "III Tch-ESP Selecciones Autonomicas"]
[Site "Melilla ESP"]
[Date "2008.05.01"]
[Round "3"]
[White "Huerga Leache,M"]
[Black "Fernandez Romero,Ern"]
[Result "1/2-1/2"]
[WhiteElo "2440"]
[BlackElo "2463"]

1.e4 e6 2.d4 d5 3.Nc3 Bb4 4.e5 Ne7 5.Bd2 b6 6.Nce2 Bxd2+ 7.Qxd2 Ba6 8.f4 c5
9.Nf3 O-O 10.Ng3 Bxf1 11.Rxf1 Nbc6 12.O-O-O Rc8 13.Kb1 cxd4 14.Ne2 Nf5 15.Nexd4 Nfxd4
16.Nxd4 Nxd4  1/2-1/2

[Event "43rd Capablanca Memorial Open"]
[Site "Havana CUB"]
[Date "2008.05.12"]
[Round "5"]
[White "Corrales Jimenez,F"]
[Black "Prasca Sosa,R"]
[Result "0-1"]
[WhiteElo "2502"]
[BlackElo "2392"]

1.e4 e6 2.d4 d5 3.Nc3 Bb4 4.e5 b6 5.Qg4 Bf8 6.h4 h5 7.Qd1 Ba6 8.Bxa6 Nxa6
9.Nce2 c6 10.Bg5 Qd7 11.Nf4 g6 12.Nf3 Nc7 13.Qd3 Be7 14.Nxg6 fxg6 15.Qxg6+ Kf8
16.Rh3 Ne8 17.Rg3 Ng7 18.Bxe7+ Qxe7 19.Ng5 Nh6 20.Nh7+ Kg8 21.Nf6+ Kf8 22.Rc3 Rc8
23.O-O-O Qf7 24.Qg5 Ng8 25.f3 Nxf6 26.exf6 Ne8 27.Re1 Qxf6 28.Qxf6+ Nxf6
29.Rxe6 Kf7 30.Rexc6 Rxc6 31.Rxc6 Rg8 32.Rc7+ Ke6 33.Rxa7 Rxg2 34.a4 Rh2
35.Ra6 Rxh4 36.Rxb6+ Kf5 37.b4 Rxd4 38.a5 h4 39.a6 h3 40.a7 h2 41.a8=Q h1=Q+
42.Kb2 Rc4 43.Qd8 Qh4 44.Kb3 Rf4 45.Qc8+ Kg5 46.Qf8 Rxf3+ 47.Ka4 Qd4 48.Re6 Qa7+
49.Kb5 Qb7+  0-1

[Event "43rd Capablanca Memorial Open"]
[Site "Havana CUB"]
[Date "2008.05.14"]
[Round "7"]
[White "Subervi,J"]
[Black "Sequera Paolini,J"]
[Result "0-1"]
[WhiteElo "2245"]
[BlackElo "2405"]

1.e4 e6 2.d4 d5 3.Nc3 Bb4 4.e5 b6 5.Bd2 Ba6 6.Nb5 Bf8 7.Qg4 h5 8.Qg3 Nh6
9.Qc3 Kd7 10.Bxh6 Rxh6 11.Nf3 c6 12.Na3 Bxf1 13.Kxf1 h4 14.Qe3 Be7 15.Ke2 b5
16.Rhe1 Kc7 17.Nb1 Nd7 18.Nbd2 Nb6 19.b3 h3 20.g3 g5 21.Kf1 Rg6 22.Red1 g4
23.Ne1 Bg5 24.Qe2 f5 25.exf6 Qxf6 26.c3 Rf8 27.Nd3 Nd7 28.Kg1 Qf5 29.a4 b4
30.cxb4 Bf6 31.Nf4 Bxd4 32.Rac1 Rgf6 33.Ne4 Qxe4 34.Qxe4 dxe4 35.Rxd4 e5
36.Nd5+ Kd6 37.Nxf6+ exd4 38.Nxe4+ Kd5 39.Nd2 d3 40.Nc4 Ne5 41.Nxe5 Kxe5
42.Kf1 Rd8 43.Rc5+ Ke4 44.Rc4+ Rd4 45.Ke1 Rxc4 46.bxc4 Kd4 47.b5 cxb5 48.cxb5 Kc3
49.Kd1 Kb4 50.Kd2 Kxa4 51.Kxd3 Kxb5 52.Ke4 a5 53.Kf4 a4 54.Kxg4 a3 55.Kxh3 a2
56.Kg4 a1=Q 57.f4 Qd1+ 58.Kg5 Qd2 59.h4 Qd8+ 60.Kh5 Qd6 61.Kg5 Qe7+ 62.Kg6 Qe6+
63.Kg5 Qg8+ 64.Kh5 Qxg3 65.f5 Qg7 66.f6 Qxf6 67.Kg4  0-1

[Event "11th IHEM"]
[Site "Hamburg GER"]
[Date "2008.05.16"]
[Round "8"]
[White "Lanka,Z"]
[Black "Beikert,G"]
[Result "1/2-1/2"]
[WhiteElo "2473"]
[BlackElo "2449"]

1.e4 e6 2.d4 d5 3.Nc3 Bb4 4.e5 Ne7 5.a3 Bxc3+ 6.bxc3 c5 7.Nf3 Nbc6 8.Be2 Qa5
9.Bd2 Bd7 10.O-O f6 11.c4 Qc7 12.cxd5 Nxd5 13.c4 Nde7 14.exf6 gxf6 15.d5 exd5
16.cxd5 Nxd5 17.Bc4 Nde7 18.Rb1 O-O-O 19.Qb3 Ng6 20.Rfc1 Bf5 21.Be6+ Bxe6
22.Qxe6+ Qd7 23.Qxd7+ Rxd7 24.Rxc5 Rhd8 25.Be1 Rd1 26.Rcc1 Rxc1 27.Rxc1 Nf4
28.Kf1 Rd3  1/2-1/2

[Event "X Open"]
[Site "Salou ESP"]
[Date "2008.05.16"]
[Round "9"]
[White "Maze,S"]
[Black "Karlsson,L"]
[Result "0-1"]
[WhiteElo "2565"]
[BlackElo "2475"]

1.e4 e6 2.d4 d5 3.Nc3 Bb4 4.e5 b6 5.Qg4 Bf8 6.Nf3 Qd7 7.Be2 Ba6 8.a4 Bxe2
9.Nxe2 Nc6 10.O-O Nge7 11.Bd2 Nf5 12.Qh3 h5 13.Rfb1 f6 14.exf6 gxf6 15.b4 Bd6
16.b5 Nd8 17.Nh4 Nxh4 18.Qxh4 Qg7 19.Nf4 Qg5 20.Qxg5 fxg5 21.Ng6 Rg8 22.Ne5 Bxe5
23.dxe5 Nf7 24.Bc3 Kd7 25.a5 g4 26.Ra4 Nh6 27.Rba1 Rab8 28.Bd2 Nf5 29.c4 dxc4
30.Rxc4 Ne7 31.Rf4 Rgf8 32.h3 Rxf4 33.Bxf4 Nd5 34.Bg3 Nc3 35.axb6 axb6 36.hxg4 hxg4
37.Bh4 Rh8 38.Ra3 Nxb5 39.Rd3+ Kc8 40.Bf6 Rg8 41.Kh2 Kb7 42.Kg3 c5 43.Rd7+ Kc6
44.Re7 Nd4 45.Kf4 b5  0-1

[Event "Mayors Cup Open"]
[Site "Mumbai IND"]
[Date "2008.05.18"]
[Round "10"]
[White "Swathi,G"]
[Black "Vinoth,K"]
[Result "1-0"]
[WhiteElo "2350"]
[BlackElo "2196"]

1.e4 e6 2.d4 d5 3.Nc3 Bb4 4.e5 b6 5.Qg4 Bf8 6.Nh3 Ne7 7.Bg5 h5 8.Qf3 Qd7
9.Bd3 Ba6 10.Nf4 Bxd3 11.Qxd3 Nf5 12.O-O Nc6 13.Nce2 Nb4 14.Qd2 c5 15.c3 Nc6
16.Rac1 h4 17.g4 hxg3 18.fxg3 Be7 19.Bxe7 Ncxe7 20.g4 Nh6 21.Nh5 O-O-O 22.Qf4 Qb5
23.Neg3 Qxb2 24.dxc5 g6 25.Nf6 g5 26.Qa4 Qd2 27.cxb6 Qe3+ 28.Kh1 axb6 29.Qa8+ Kc7
30.Qa7+ Kc6 31.c4 Qc5 32.cxd5+ Nxd5 33.Nge4  1-0